<?xml version="1.0" encoding="UTF-8"?>
<record
    xmlns:xsi="http://www.w3.org/2001/XMLSchema-instance"
    xsi:schemaLocation="http://www.loc.gov/MARC21/slim http://www.loc.gov/standards/marcxml/schema/MARC21slim.xsd"
    xmlns="http://www.loc.gov/MARC21/slim">

  <leader>01099nam a22002057a 4500</leader>
  <controlfield tag="001">78842</controlfield>
  <controlfield tag="003">BD-RjUL</controlfield>
  <controlfield tag="005">20211209083159.0</controlfield>
  <controlfield tag="008">211121s19231342le ||||| |||| 00| 0 ara d</controlfield>
  <datafield tag="035" ind1=" " ind2=" ">
    <subfield code="a">(BD-RjUL)79069</subfield>
  </datafield>
  <datafield tag="040" ind1=" " ind2=" ">
    <subfield code="a">BD-RjUL</subfield>
    <subfield code="b">eng</subfield>
    <subfield code="c">BD-RjUL</subfield>
  </datafield>
  <datafield tag="041" ind1=" " ind2=" ">
    <subfield code="a">eng</subfield>
  </datafield>
  <datafield tag="082" ind1=" " ind2=" ">
    <subfield code="2">23</subfield>
    <subfield code="a">962</subfield>
    <subfield code="b">TAK 1923</subfield>
  </datafield>
  <datafield tag="245" ind1="1" ind2="0">
    <subfield code="a">&#x643;&#x62A;&#x627;&#x628; &#x627;&#x644;&#x62F;&#x64A;&#x646; &#x648;&#x627;&#x644;&#x62F;&#x648;&#x644;&#x629; &#x641;&#x64A; &#x625;&#x62B;&#x628;&#x627;&#x62A; &#x646;&#x628;&#x648;&#x629; &#x627;&#x644;&#x646;&#x628;&#x64A; &#x645;&#x62D;&#x645;&#x62F; &#x635;&#x644;&#x649; &#x627;&#x644;&#x644;&#x647; &#x639;&#x644;&#x64A;&#x647; &#x648;&#x633;&#x644;&#x645; ;; kitab aldiyn waldawlat fi 'iithbat nubuat alnabii muhamad salaa allah ealayh wasalam /</subfield>
    <subfield code="c">&#x62A;&#x623;&#x644;&#x64A;&#x641; &#x639;&#x644;&#x64A; &#x628;&#x646; &#x631;&#x628;&#x646; &#x627;&#x644;&#x637;&#x628;&#x631;&#x64A;&#x60C; &#x648;&#x645;&#x633;&#x627;&#x639;&#x62F;&#x629; &#x62C;&#x639;&#x641;&#x631; &#x627;&#x644;&#x625;&#x645;&#x627;&#x645; &#x627;&#x644;&#x645;&#x62A;&#x648;&#x643;&#x644; &#x639;&#x644;&#x649; &#x627;&#x644;&#x644;&#x647; &#x61B; &#x627;&#x639;&#x62A;&#x646;&#x649; &#x628;&#x637;&#x628;&#x639;&#x647; &#x648;&#x62A;&#x635;&#x62D;&#x64A;&#x62D;&#x647; &#x648;&#x62A;&#x631;&#x62C;&#x645;&#x62A;&#x647; &#x625;&#x644;&#x649; &#x627;&#x644;&#x644;&#x63A;&#x629; &#x627;&#x644;&#x625;&#x646;&#x643;&#x644;&#x64A;&#x632;&#x64A;&#x629; &#x623;. &#x645;&#x646;&#x641;&#x627;&#x646;&#x629;.;; talif ealiin bin rabin altabri, wamusaeadat jaefar al'iimam almutawakil ealaa allah ; aetanaa bitabeih watashihih watarjamatih 'iilaa allughat al'iinkiliziat 'a. minfanatun.</subfield>
  </datafield>
  <datafield tag="260" ind1=" " ind2=" ">
    <subfield code="a">Misr :</subfield>
    <subfield code="b">tabaat fi misr, </subfield>
    <subfield code="c">1923</subfield>
  </datafield>
  <datafield tag="300" ind1=" " ind2=" ">
    <subfield code="a">144 cm</subfield>
    <subfield code="c">24 cm</subfield>
  </datafield>
  <datafield tag="650" ind1=" " ind2=" ">
    <subfield code="a">Egypt</subfield>
    <subfield code="9">250283</subfield>
  </datafield>
  <datafield tag="650" ind1=" " ind2=" ">
    <subfield code="a">Politics and government</subfield>
    <subfield code="9">250284</subfield>
  </datafield>
  <datafield tag="942" ind1=" " ind2=" ">
    <subfield code="2">ddc</subfield>
    <subfield code="c">BK</subfield>
  </datafield>
  <datafield tag="999" ind1=" " ind2=" ">
    <subfield code="c">78842</subfield>
    <subfield code="d">78842</subfield>
  </datafield>
  <datafield tag="952" ind1=" " ind2=" ">
    <subfield code="0">0</subfield>
    <subfield code="1">0</subfield>
    <subfield code="2">ddc</subfield>
    <subfield code="4">0</subfield>
    <subfield code="7">1</subfield>
    <subfield code="8">NFIC</subfield>
    <subfield code="a">RUCL</subfield>
    <subfield code="b">RUCL</subfield>
    <subfield code="c">Reading</subfield>
    <subfield code="d">2021-11-21</subfield>
    <subfield code="l">0</subfield>
    <subfield code="o">A 962 TAK 1923</subfield>
    <subfield code="r">2021-11-21 00:00:00</subfield>
    <subfield code="t">C-1</subfield>
    <subfield code="w">2021-12-09</subfield>
    <subfield code="y">BK</subfield>
  </datafield>
</record>
